Statistiques concernant Effectif détaillé de l'AS Monaco saison 2023-2024

Cliquez ici pour prendre le quiz!

Statistiques générales

  • Ce quiz a été pris 26 fois
  • Le résultat moyen est 21 sur 32

Statistiques - réponses

NationalitéAncien clubPosteNuméroRéponse% Correct
SuisseBorussia
Mönchengladbach
Attaquant36Breel Embolo
96%
FranceMontpellier HSCDéfenseur26Ruben Aguilar
96%
BrésilGrêmio Porto AlegreDéfenseur2Vanderson
96%
ChiliDeportivo AlavésDéfenseur3Guillermo Maripan
91%
AllemagneBayer LeverkusenAttaquant31Kevin Volland
91%
MaliRB SalzbourgMilieu4Mohamed Camara
91%
GhanaSouthampton FCDéfenseur22Mohammed Salisu
91%
JaponLiverpool FCMilieu18Takumi Minamino
91%
FranceSéville FCAttaquant10Wissam Ben Yedder
91%
RussieCSKA MoscouMilieu17Aleksandr Golovin
87%
BrésilAtlético MadridDéfenseur12Caio Henrique
87%
FranceFormé à l'AS MonacoMilieu44Eliesse Ben Seghir
87%
Pays-BasAZ AlkmaarAttaquant9Myron Boadu
87%
FranceRC StrasbourgMilieu19Youssouf Fofana
87%
SénégalClub BrugesMilieu27Krépin Diatta
78%
SuisseRB SalzbourgGardien16Philipp Köhn
78%
AutricheBorussia
Mönchengladbach
CoachAdolf Hutter
74%
BelgiqueFormé à l'AS MonacoMilieu15Eliot Matazo
74%
PortugalAtlético MadridMilieu77Gelson Martins
74%
SénégalFC CologneDéfenseur14Ismail Jakobs
70%
FranceFormé à l'AS MonacoMilieu21Maghnes Akliouche
61%
PologneLegia VarsovieGardien1Radoslaw Majecki
61%
FranceFormé à l'AS MonacoDéfenseur34Chrislain Matsima
52%
FranceFormé à l'AS MonacoMilieu42Edan Diop
48%
FranceFormé à l'AS MonacoMilieu41Soungoutou Magassa
48%
FranceFormé à l'AS MonacoGardien50Yann Lienard
48%
FranceFormé à l'AS MonacoDéfenseur99Yllan Okou
39%
FranceFormé à l'AS MonacoMilieu29Félix Lemaréchal
35%
FranceFormé à l'AS MonacoAttaquantRomaric Etonde
13%
FranceFormé à l'AS MonacoMilieuMayssam Benama
9%
FranceFormé à l'AS MonacoDéfenseurEnzo Couto
4%
FranceFormé à l'AS MonacoMilieuFlorian Baranik
4%

Distribution des résultats

Percentile par nombre de réponses

% des personnes avec chaque résultat

Votre développement - résultats

Vous n’avez pas pris ce quiz